000
00294nam a22001337a 4500
008
170405b xxu||||| |||| 00| 0 eng d
020
_a
1560530723
041
_a
eng
080
_a
616.15
100
_a
9
101
_a
SHM
245
_a
HEMATOLOGY/ ONCOLOGY SECRETS
_c
WOOD, M.E
942
_2
udc
_c
BK
999
_c
9901
_d
9901